000
00297nam a2200121Ia 4500
008
240624s9999 xx 000 0 und d
041
_a
eng
082
_a
658.401 LAU
100
_a
LAURSEN GERT H
245
_a
BUSINESS ANALYTICS FOR MANAGERS
260
_c
2010
_a
New Jersey
_b
John Wiley
365
_c
999
_c
21617
_d
21617